000 01458cam a2200469 i 4500
001 data
005 20260322212120.0
008 data
035 _a22666343
906 _a7
_bcbc
_ccopycat
_d3
_encip
_f20
_gy-gencatlg
925 0 _aacquire
_b1 shelf copy
_xpolicy default
010 _a 2022404948
016 7 _a020640516
_2Uk
020 _a9788365614407
_qhardcover
020 _a8365614405
035 _a(OCoLC)1389778197
040 _aUKMGB
_beng
_erda
_cUKMGB
_dDLC
_dOCLCO
_dDLC
042 _alccopycat
050 0 0 _aTX801
_b.R796 2021
082 0 4 _a641.5/636
_223
100 1 _aRottenberg, Anda,
_eauthor.
245 1 0 _aKuchnia towarzyska i uczuciowa /
_cAnda Rottenberg i przyjaciele ; kolaże, Alicja Biała.
250 _aWydanie pierwsze.
264 1 _aKraków :
_bWydawnictwo a5,
_c2021.
300 _a319 pages :
_billustrations (color) ;
_c25 cm
336 _atext
_2rdacontent
337 _aunmediated
_2rdamedia
338 _avolume
_2rdacarrier
650 0 _aSeasonal cooking.
650 0 _aVegetarian cooking.
650 0 _aCooking.
650 7 _aCooking
_2fast
650 7 _aVegetarian cooking
_2fast
650 7 _aSeasonal cooking
_2fast
650 7 _aCooking (Seafood)
_2fast
655 7 _aCookbooks
_2fast
700 1 _aBiała, Alicja,
_eillustrator.
923 _d20220614
_n222260LC63
_sPlWaKWL
985 _eVENDOR LOAD
999 _c1833
_d1833